000 00676nam a2200253Ia 4500
003 OSt
005 20221007071337.0
006 a|||||r|||| 00| 0
007 ta
008 221006b |||||||| |||| 00| 0 eng d
024 _a17,419
037 _cTextual
040 _aFLL
_cFLL
_beng
041 _2eng
_aeng
082 _aXM55:Z3, L8
100 _aMagnus S.W. Au.
_9688566
245 0 _aCompanies law and practice
250 _a5th
260 _aLondon
_bButterworths England
_c1978
300 _a1543p
_ccm.
700 _a Estrin M. Au.
_9688567
942 _hXM55:Z3, L8
_cTEXL
_2CC
999 _c1143115
_d1143115